[Event "African Games-chT 2019"]
[Site "Casablanca"]
[Date "2019.08.25"]
[Round "7.34"]
[White "Koualet-Bebondi, Vianney Archeveq"]
[Black "Traore, Bakary"]
[Result "0-1"]
[WhiteElo "1679"]
[BlackElo "2189"]
[Annotator "ChessBase"]
[PlyCount "76"]
[EventDate "2019.08.24"]
[EventType "team-tourn"]
[EventCountry "MAR"]
[SourceTitle "playchess.com"]
[Source "ChessBase"]
[SourceQuality "1"]
[WhiteTeam "CAF"]
[BlackTeam "Mali"]
[BlackTeamCountry "MLI"]
[TimeControl "900+10"]

1. e4 {[%emt 0:00:00]} e5 {[%emt 0:00:00]} 2. Be2 {[%emt 0:00:00]} Nf6 {[%emt 0:00:00]} 3. f3 {[%emt 0:00:00]} Bc5 {[%emt 0:00:00]} 4. c3 {[%emt 0:00:11]} Nc6 {[%emt 0:00:00]} 5. Nh3 {[%emt 0:00:07]} d5 {[%emt 0:00:05]} 6. b4 {[%emt 0:00:13]} Bb6 {[%emt 0:00:03]} 7. Ng5 {[%emt 0:00:24]} h6 {[%emt 0:00:04]} 8. exd5 {[%emt 0:00:16]} Nxd5 {[%emt 0:00:04]} 9. Ne4 {[%emt 0:00:07]} Nf4 {[%emt 0:00:08]} 10. Bf1 {[%emt 0:00:59]} Bf5 {[%emt 0:00:39]} 11. Na3 {[%emt 0:00:42]} Bxe4 {[%emt 0:00:35]} 12. fxe4 {[%emt 0:00:02]} Nxg2+ {[%emt 0:00:48]} 13. Bxg2 {[%emt 0:01:42]} Qh4+ {[%emt 0:00:02]} 14. Ke2 {[%emt 0:00:02]} Qf2+ {[%emt 0:00:01]} 15. Kd3 {[%emt 0:00:01]} Qxg2 {[%emt 0:00:06]} 16. Kc2 {[%emt 0:00:09]} Qxe4+ {[%emt 0:00:13]} 17. Kb2 {[%emt 0:00:19]} O-O-O {[%emt 0:00:13]} 18. Nc2 {[%emt 0:00:14]} f5 {[%emt 0:00:54]} 19. a4 {[%emt 0:00:06]} a5 {[%emt 0:00:11]} 20. b5 {[%emt 0:00:04]} Ne7 {[%emt 0:00:03]} 21. Ra2 {[%emt 0:01:19]} Rd3 {[%emt 0:00:25]} 22. Ne1 {[%emt 0:00:15]} Qxh1 {[%emt 0:00:09]} 23. Qe2 {[%emt 0:00:26]} Rd7 {[%emt 0:00:36]} 24. Qxe5 {[%emt 0:00:07]} Qe4 {[%emt 0:00:04]} 25. Qg3 {[%emt 0:00:18]} f4 {[%emt 0:00:10]} 26. Qf3 {[%emt 0:01:49]} Qxe1 {[%emt 0:00:12]} 27. Qxf4 {[%emt 0:00:16]} Rhd8 {[%emt 0:00:07]} 28. h4 {[%emt 0:00:49]} Kb8 {[%emt 0:00:12]} 29. Kc2 {[%emt 0:00:56]} Nd5 {[%emt 0:00:10]} 30. Qh2 {[%emt 0:00:28]} Nf6 {[%emt 0:00:08]} 31. Kb1 {[%emt 0:00:30]} Ne4 {[%emt 0:00:06]} 32. Qg2 {[%emt 0:00:50]} Nxd2+ {[%emt 0:00:00]} 33. Kc2 {[%emt 0:00:23]} Ne4 {[%emt 0:00:00]} 34. Qg6 {[%emt 0:01:22]} Qxc3+ {[%emt 0:00:00]} 35. Kb1 {[%emt 0:00:11]} Rd1 {[%emt 0:00:00]} 36. Rc2 {[%emt 0:01:02]} Qb3+ {[%emt 0:00:00]} 37. Rb2 {[%emt 0:01:49]} Rxc1+ {[%emt 0:00:00]} 38. Kxc1 {[%emt 0:00:20]} Rd1# {[%emt 0:00:00]} 0-1

[Event "African Games-chT 2019"]
[Site "Casablanca"]
[Date "2019.08.25"]
[Round "8.1"]
[White "Chumfwa, Stanley"]
[Black "Adly, Ahmed"]
[Result "0-1"]
[WhiteElo "2317"]
[BlackElo "2636"]
[Annotator "TA"]
[PlyCount "104"]
[EventDate "2019.08.24"]
[EventType "team-tourn"]
[EventCountry "MAR"]
[SourceTitle "playchess.com"]
[Source "ChessBase"]
[SourceQuality "1"]
[WhiteTeam "Zambia"]
[BlackTeam "Egypt"]
[WhiteTeamCountry "ZAM"]
[BlackTeamCountry "EGY"]

{[%evp 9,104,29,31,25,61,29,35,18,41,-13,20,17,13,12,29,0,0,0,1,-27,-48,-20,3,22,23,23,61,39,23,43,97,60,60,69,55,29,24,0,11,-22,-30,-19,-29,-34,14,18,59,34,48,39,63,0,0,0,0,0,0,0,0,0,0,0,0,0,0,0,0,-41,-41,-40,-46,-39,-45,-57,-29,-40,0,-8,-8,-8,-8,-8,-8,-8,-8,-1092,-1004,-869,-732,-697,-663,-1531,-762,-29945,-11497,-6540,-6330]} 1. e4 b6 2. d4 Bb7 3. Nd2 g6 4. Bd3 Bg7 5. Ngf3 d6 6. O-O {B00: Queen's Fianchetto Defence, Nimzowitsch Defence} Nd7 7. c4 e6 8. Re1 {White is slightly better.} Ne7 9. Rb1 $146 ({Better is} 9. Nb1 $14) ({Predecessor:} 9. Nf1 h6 10. Ng3 a6 11. Be3 c5 {½-½ (56) Alonso Rosell,A (2461)-Kopylov,A (2442) Fermo 2009}) 9... O-O 10. Nf1 Nc6 11. Bg5 Qc8 12. Bc2 h6 13. Be3 Nb4 14. a3 Nxc2 15. Qxc2 Nf6 16. Ng3 Ng4 17. Bd2 f5 18. exf5 exf5 19. d5 {Strongly threatening Nh4.} f4 ({Black should play} 19... Ne5 $14) 20. Ne4 ({Worse is} 20. Qxg6 Rf6 $17) 20... Qd7 21. Bc3 Rae8 22. Bxg7 Qxg7 23. Rbd1 Bc8 24. Qc3 Ne5 25. Nd4 f3 26. Nxf3 Nxf3+ 27. gxf3 Qf7 28. Re3 {[#] Nf6+! is the strong threat.} Re5 29. Rde1 Rf5 {[%cal Rf5f3]} 30. Ng3 (30. Kg2 $14) 30... Rxf3 $11 31. Rxf3 Qxf3 32. Qxf3 Rxf3 {[%mdl 4096] Endgame KRB-KRN} 33. Re8+ Rf8 34. Re7 Rf7 35. Re8+ Rf8 36. Re7 Bh3 37. Rxc7 Rf4 $1 38. Rc6 h5 39. Rxd6 Kf7 40. Rc6 h4 41. Rc7+ Kf8 42. b4 ({Don't play} 42. Rxa7 Rxc4 43. f3 hxg3 $17) 42... hxg3 (42... Ke8 {is more complex.} 43. Rxa7 Rxc4 44. f3 hxg3 45. hxg3 Bd7) 43. hxg3 Rf7 44. Rxf7+ Kxf7 {KB-KP} 45. f3 Bc8 46. Kf2 Ba6 47. Ke3 $2 {[%mdl 8192] [#]} (47. c5 $11) 47... Bxc4 $19 48. Kd4 Be2 49. f4 Kf6 50. a4 Kf5 (50... Bd1 $142 51. a5 Ba4) 51. a5 Bb5 52. g4+ Kxf4 {Accuracy: White = 41%, Black = 53%.} 0-1

[Event "African Games-chT 2019"]
[Site "Casablanca"]
[Date "2019.08.25"]
[Round "8.2"]
[White "Amin, Bassem"]
[Black "Kayonde, Andrew"]
[Result "1-0"]
[WhiteElo "2692"]
[BlackElo "2384"]
[Annotator "TA"]
[PlyCount "63"]
[EventDate "2019.08.24"]
[EventType "team-tourn"]
[EventCountry "MAR"]
[SourceTitle "playchess.com"]
[Source "ChessBase"]
[SourceQuality "1"]
[WhiteTeam "Egypt"]
[BlackTeam "Zambia"]
[WhiteTeamCountry "EGY"]
[BlackTeamCountry "ZAM"]

{[%evp 16,63,-3,-8,-3,-20,-32,-30,17,10,63,51,49,57,103,111,128,113,125,115,140,114,125,116,114,105,99,97,125,116,254,243,258,252,255,232,232,237,241,229,232,228,557,571,583,575,650,650,650,649]} 1. e4 c6 2. d3 d5 3. Nd2 e5 4. Ngf3 Bd6 5. g3 Nf6 6. Bg2 O-O 7. O-O Re8 8. Re1 Nbd7 9. b3 a5 {B10: Caro-Kann: 2 d3 and 2 c4} 10. a3 d4 (10... b5 11. Bb2 Bb7 12. Qe2 d4 13. Nh4 a4 14. h3 axb3 15. cxb3 g6 16. Rf1 Nh5 17. Nf5 {0-1 (43) Andriasian,Z (2591)-Vidit,S (2718) chess.com INT 2018}) 11. Bb2 b5 {Black has an edge.} 12. c3 $1 Nc5 $146 (12... c5 $11) ({Predecessor:} 12... dxc3 13. Bxc3 Qe7 14. Bb2 Nb6 15. d4 Nfd7 16. Qc2 Bb7 17. h4 {1-0 (65) Balogun,O-Ajibola,O (2146) Lagos 2013}) 13. Qc2 dxc3 14. Bxc3 Bc7 15. d4 exd4 16. Bxd4 {[%mdl 64] Discovered Attack} Ne6 17. Bxf6 (17. Qxc6 $6 Nxd4 18. Qxa8 Nc2 $11) 17... gxf6 18. Qxc6 Bd7 19. Qd5 Ra6 20. Rac1 Rd6 21. Qh5 Ng7 22. Qh4 $1 Be6 {[#]} (22... Bc6 $16) 23. e5 $1 $18 {[%cal Re5d6]} fxe5 {[#]} 24. Ne4 $1 {[%cal Re4f6]} (24. Rxe5 Qxh4 25. gxh4 (25. Nxh4 $2 Rxd2 26. Rxb5 Rb8 $19) 25... Rxd2 $11) 24... Qxh4 25. gxh4 Bb8 26. Nf6+ ({Don't play} 26. Nxd6 $6 Bxd6 27. Rcd1 (27. Nxe5 Bxa3 28. Bc6 Rc8 $16) 27... Bxa3 $16) 26... Kf8 27. Nxe8 ({Don't do} 27. Rxe5 $6 Red8 $16) 27... Nxe8 28. Nxe5 Bxb3 $2 (28... Ba7 {is tougher.} 29. Bf3 Bxb3) 29. Rc8 {White is clearly winning.} Bc7 30. Bc6 {[%mdl 64] Double Attack} Re6 31. Rxe8+ Rxe8 32. Nd7+ {Accuracy: White = 81%, Black = 45%.} 1-0

[Event "African Games-chT 2019"]
[Site "Casablanca"]
[Date "2019.08.25"]
[Round "8.3"]
[White "Mwango, Lorita"]
[Black "Wafa, Shrook"]
[Result "1-0"]
[WhiteElo "1947"]
[BlackElo "2183"]
[Annotator "NA"]
[PlyCount "113"]
[EventDate "2019.08.24"]
[EventType "team-tourn"]
[EventCountry "MAR"]
[SourceTitle "playchess.com"]
[Source "ChessBase"]
[SourceQuality "1"]
[WhiteTeam "Zambia"]
[BlackTeam "Egypt"]
[WhiteTeamCountry "ZAM"]
[BlackTeamCountry "EGY"]
[TimeControl "900+10"]

1. c4 {[%emt 0:00:00]} f5 {[%emt 0:00:00]} 2. Nc3 {[%emt 0:00:00]} Nf6 {[%emt 0:00:00]} 3. g3 {[%emt 0:00:00]} g6 {[%emt 0:00:04]} 4. Bg2 {[%emt 0:00:00]} Bg7 {[%emt 0:00:03]} 5. Nf3 {[%emt 0:00:11]} O-O {[%emt 0:00:09]} 6. O-O {[%emt 0:00:03]} d6 {[%emt 0:00:08]} 7. d4 {[%emt 0:00:06]} c6 {[%emt 0:00:17]} 8. d5 {[%emt 0:00:15]} e5 {[%emt 0:00:46]} 9. Bg5 {[%emt 0:00:22]} h6 {[%emt 0:01:17]} 10. Bxf6 {[%emt 0:00:07]} Qxf6 {[%emt 0:00:08]} 11. e4 {[%emt 0:00:05]} c5 {[%emt 0:01:08]} 12. Nh4 {[%emt 0:01:52]} f4 {[%emt 0:00:31]} 13. Nf3 {[%emt 0:01:32]} g5 {[%emt 0:00:32]} 14. Nd2 {[%emt 0:00:48]} g4 {[%emt 0:01:14]} 15. f3 {[%emt 0:00:10]} h5 {[%emt 0:00:19]} 16. Ne2 {[%emt 0:00:55]} Bh6 {[%emt 0:01:25]} 17. Qe1 {[%emt 0:04:22]} Qg6 {[%emt 0:01:22]} 18. Kh1 {[%emt 0:00:15]} Nd7 {[%emt 0:00:07]} 19. Rf2 {[%emt 0:02:03]} Nf6 {[%emt 0:01:33]} 20. Rd1 {[%emt 0:02:12]} Kh8 {[%emt 0:01:12]} 21. Qf1 {[%emt 0:00:31]} Bd7 {[%emt 0:00:52]} 22. Ng1 {[%emt 0:02:25]} gxf3 {[%emt 0:00:21]} 23. Bxf3 {[%emt 0:00:13]} Ng4 {[%emt 0:01:30]} 24. Bxg4 {[%emt 0:00:11]} hxg4 {[%emt 0:00:09]} 25. Qe1 {[%emt 0:00:20]} Kg7 {[%emt 0:00:52]} 26. gxf4 {[%emt 0:00:09]} Rxf4 {[%emt 0:00:22]} 27. Rg2 {[%emt 0:00:01]} Raf8 {[%emt 0:00:26]} 28. Ne2 {[%emt 0:00:01]} R4f6 {[%emt 0:00:14]} 29. Ng3 {[%emt 0:00:12]} Bf4 {[%emt 0:00:34]} 30. Ndf1 {[%emt 0:00:11]} Kf7 {[%emt 0:00:30]} 31. Qe2 {[%emt 0:00:05]} Ke7 {[%emt 0:00:10]} 32. a3 {[%emt 0:00:24]} Rh8 {[%emt 0:00:27]} 33. b4 {[%emt 0:00:04]} b6 {[%emt 0:00:06]} 34. bxc5 {[%emt 0:00:11]} bxc5 {[%emt 0:00:02]} 35. Rb1 {[%emt 0:00:01]} Qg5 {[%emt 0:00:22]} 36. Rb7 {[%emt 0:00:20]} Bxg3 {[%emt 0:00:06]} 37. Nxg3 {[%emt 0:00:05]} Qc1+ {[%emt 0:00:31]} 38. Rg1 {[%emt 0:00:01]} Qxa3 {[%emt 0:00:06]} 39. Qxg4 {[%emt 0:00:08]} Qf3+ {[%emt 0:00:55]} 40. Qxf3 {[%emt 0:00:01]} Rxf3 {[%emt 0:00:01]} 41. Nf5+ {[%emt 0:00:13]} Kd8 {[%emt 0:00:10]} 42. Nxd6 {[%emt 0:00:25]} Rfh3 {[%emt 0:00:14]} 43. Nf7+ {[%emt 0:00:25]} Kc8 {[%emt 0:00:05]} 44. Nxh8 {[%emt 0:00:05]} Kxb7 {[%emt 0:00:03]} 45. Ng6 {[%emt 0:00:16]} Rh5 {[%emt 0:00:25]} 46. Nf8 {[%emt 0:00:11]} Ba4 {[%emt 0:00:13]} 47. Rg7+ {[%emt 0:00:04]} Ka6 {[%emt 0:00:03]} 48. d6 {[%emt 0:00:03]} Rh3 {[%emt 0:00:10]} 49. Ne6 {[%emt 0:00:08]} Kb6 {[%emt 0:00:09]} 50. d7 {[%emt 0:00:02]} Bxd7 {[%emt 0:00:06]} 51. Rxd7 {[%emt 0:00:01]} Re3 {[%emt 0:00:03]} 52. Rd6+ {[%emt 0:00:04]} Ka5 {[%emt 0:00:04]} 53. Nxc5 {[%emt 0:00:04]} Kb4 {[%emt 0:00:01]} 54. Nd3+ {[%emt 0:00:06]} Kxc4 {[%emt 0:00:15]} 55. Nxe5+ {[%emt 0:00:01]} Kc5 {[%emt 0:00:01]} 56. Rd5+ {[%emt 0:00:07]} Kb6 {[%emt 0:00:05]} 57. Nc4+ {[%emt 0:00:03]} 1-0

[Event "African Games-chT 2019"]
[Site "Casablanca"]
[Date "2019.08.25"]
[Round "8.4"]
[White "Wafa, Shahenda"]
[Black "Mululu Linah"]
[Result "1-0"]
[WhiteElo "2139"]
[BlackElo "1633"]
[Annotator "NA"]
[PlyCount "53"]
[EventDate "2019.08.24"]
[EventType "team-tourn"]
[EventCountry "MAR"]
[SourceTitle "playchess.com"]
[Source "ChessBase"]
[SourceQuality "1"]
[WhiteTeam "Egypt"]
[BlackTeam "Zambia"]
[WhiteTeamCountry "EGY"]
[BlackTeamCountry "ZAM"]
[TimeControl "900+10"]

1. e4 {[%emt 0:00:00]} c5 {[%emt 0:00:00]} 2. Nf3 {[%emt 0:00:00]} e6 {[%emt 0:00:00]} 3. c4 {[%emt 0:00:04]} a6 {[%emt 0:00:01]} 4. d4 {[%emt 0:00:02]} cxd4 {[%emt 0:00:19]} 5. Nxd4 {[%emt 0:00:03]} Qc7 {[%emt 0:00:19]} 6. Nc3 {[%emt 0:00:16]} Nf6 {[%emt 0:00:05]} 7. Qd3 {[%emt 0:01:23]} b6 {[%emt 0:01:10]} 8. Be2 {[%emt 0:02:05]} Bb7 {[%emt 0:00:08]} 9. O-O {[%emt 0:00:19]} Be7 {[%emt 0:00:02]} 10. f4 {[%emt 0:00:06]} d6 {[%emt 0:00:04]} 11. b3 {[%emt 0:00:43]} Nbd7 {[%emt 0:00:07]} 12. Bf3 {[%emt 0:00:41]} O-O {[%emt 0:01:20]} 13. Be3 {[%emt 0:01:31]} Rac8 {[%emt 0:02:23]} 14. Rac1 {[%emt 0:00:05]} Qb8 {[%emt 0:00:14]} 15. b4 {[%emt 0:03:16]} Rfe8 {[%emt 0:02:34]} 16. a3 {[%emt 0:00:08]} Bd8 {[%emt 0:00:05]} 17. g4 {[%emt 0:00:14]} Nf8 {[%emt 0:00:41]} 18. g5 {[%emt 0:00:08]} N6d7 {[%emt 0:00:28]} 19. Nde2 {[%emt 0:00:57]} Bc7 {[%emt 0:01:18]} 20. Ng3 {[%emt 0:00:35]} d5 {[%emt 0:00:21]} 21. cxd5 {[%emt 0:00:11]} Bxf4 {[%emt 0:00:18]} 22. Bxf4 {[%emt 0:00:12]} Qxf4 {[%emt 0:00:04]} 23. Bh5 {[%emt 0:00:07]} Qxg5 {[%emt 0:00:29]} 24. Bxf7+ {[%emt 0:00:09]} Kh8 {[%emt 0:00:01]} 25. Bxe8 {[%emt 0:00:08]} Rxe8 {[%emt 0:00:03]} 26. Qf3 {[%emt 0:00:24]} Ne5 {[%emt 0:01:08]} 27. Qxf8+ {[%emt 0:00:08]} 1-0

[Event "African Games-chT 2019"]
[Site "Casablanca"]
[Date "2019.08.25"]
[Round "8.5"]
[White "Zaibi, Amir"]
[Black "Bellahcene, Bilel"]
[Result "1-0"]
[WhiteElo "2367"]
[BlackElo "2550"]
[Annotator "ChessBase"]
[PlyCount "77"]
[EventDate "2019.08.24"]
[EventType "team-tourn"]
[EventCountry "MAR"]
[SourceTitle "playchess.com"]
[Source "ChessBase"]
[SourceQuality "1"]
[WhiteTeam "Tunisia"]
[BlackTeam "Algeria"]
[WhiteTeamCountry "TUN"]
[BlackTeamCountry "ALG"]
[TimeControl "900+10"]

1. c4 {[%emt 0:00:00]} e6 {[%emt 0:00:02]} 2. Nf3 {[%emt 0:00:00]} Nf6 {[%emt 0:00:00]} 3. g3 {[%emt 0:00:00]} d5 {[%emt 0:00:01]} 4. Bg2 {[%emt 0:00:00]} dxc4 {[%emt 0:00:01]} 5. Qa4+ {[%emt 0:00:37]} c6 {[%emt 0:00:00]} 6. Qxc4 b5 7. Qc2 {[%emt 0:00:05]} Bb7 {[%emt 0:00:01]} 8. O-O {[%emt 0:00:20]} Nbd7 {[%emt 0:00:01]} 9. d4 {[%emt 0:00:06]} c5 {[%emt 0:00:01]} 10. a4 {[%emt 0:00:15]} b4 {[%emt 0:00:08]} 11. a5 {[%emt 0:00:17]} Rc8 {[%emt 0:00:11]} 12. a6 {[%emt 0:00:56]} Bxf3 {[%emt 0:01:52]} 13. Bxf3 {[%emt 0:00:12]} cxd4 {[%emt 0:00:01]} 14. Qa4 {[%emt 0:00:17]} Bd6 {[%emt 0:00:40]} 15. Bb7 {[%emt 0:00:24]} Rc7 {[%emt 0:00:29]} 16. Bd2 {[%emt 0:02:32]} Qe7 {[%emt 0:01:05]} 17. Qa5 {[%emt 0:00:02]} Rc2 {[%emt 0:00:10]} 18. Qa4 {[%emt 0:00:44]} Rc7 {[%emt 0:01:37]} 19. Qa5 {[%emt 0:00:01]} Nb6 {[%emt 0:00:34]} 20. e3 {[%emt 0:01:10]} O-O {[%emt 0:02:23]} 21. exd4 {[%emt 0:00:07]} Nfd5 {[%emt 0:00:10]} 22. Qb5 {[%emt 0:01:31]} f5 {[%emt 0:00:35]} 23. f4 {[%emt 0:02:03]} Qf6 {[%emt 0:01:16]} 24. Qd3 {[%emt 0:00:51]} Rc4 {[%emt 0:00:01]} 25. Bxd5 {[%emt 0:01:37]} exd5 {[%emt 0:00:03]} 26. Be3 {[%emt 0:00:01]} Rc7 {[%emt 0:00:56]} 27. Nd2 {[%emt 0:00:30]} Nc4 {[%emt 0:00:17]} 28. b3 {[%emt 0:00:46]} Nxe3 {[%emt 0:00:25]} 29. Qxe3 {[%emt 0:00:04]} Rc3 {[%emt 0:00:03]} 30. Qf2 {[%emt 0:00:16]} Bc7 {[%emt 0:01:07]} 31. Nf3 {[%emt 0:00:36]} Bb6 {[%emt 0:00:06]} 32. Kh1 {[%emt 0:00:22]} Rfc8 {[%emt 0:01:09]} 33. Rae1 {[%emt 0:00:24]} Rxb3 34. Qa2 {[%emt 0:00:31]} Ra3 {[%emt 0:01:17]} 35. Qxd5+ Qf7 36. Qb7 {[%emt 0:00:28]} Rd8 {[%emt 0:02:13]} 37. Re7 {[%emt 0:00:52]} Qg6 {[%emt 0:00:05]} 38. Ne5 {[%emt 0:00:22]} Qh6 {[%emt 0:00:28]} 39. Re8+ {[%emt 0:00:04]} 1-0

[Event "African Games-chT 2019"]
[Site "Casablanca"]
[Date "2019.08.25"]
[Round "8.6"]
[White "Arab, Adlane"]
[Black "Boudriga, Mohamed Ali"]
[Result "1-0"]
[WhiteElo "2485"]
[BlackElo "2325"]
[Annotator "ChessBase"]
[PlyCount "101"]
[EventDate "2019.08.24"]
[EventType "team-tourn"]
[EventCountry "MAR"]
[SourceTitle "playchess.com"]
[Source "ChessBase"]
[SourceQuality "1"]
[WhiteTeam "Algeria"]
[BlackTeam "Tunisia"]
[WhiteTeamCountry "ALG"]
[BlackTeamCountry "TUN"]
[TimeControl "900+10"]

1. d4 {[%emt 0:00:00]} Nf6 {[%emt 0:00:00]} 2. c4 {[%emt 0:00:00]} e6 {[%emt 0:00:00]} 3. Nf3 {[%emt 0:00:00]} d5 {[%emt 0:00:00]} 4. Nc3 {[%emt 0:00:02]} Be7 {[%emt 0:00:02]} 5. Bf4 {[%emt 0:00:05]} O-O {[%emt 0:00:04]} 6. e3 {[%emt 0:00:01]} b6 {[%emt 0:00:02]} 7. Bd3 {[%emt 0:00:07]} dxc4 {[%emt 0:01:13]} 8. Bxc4 {[%emt 0:00:02]} Bb7 {[%emt 0:00:01]} 9. O-O {[%emt 0:00:12]} a6 {[%emt 0:00:02]} 10. Qe2 {[%emt 0:00:15]} b5 {[%emt 0:00:03]} 11. Bd3 {[%emt 0:00:02]} Nbd7 {[%emt 0:00:06]} 12. Rfd1 {[%emt 0:00:14]} c5 {[%emt 0:00:37]} 13. dxc5 {[%emt 0:00:16]} Bxc5 {[%emt 0:00:02]} 14. e4 {[%emt 0:00:40]} b4 {[%emt 0:00:15]} 15. Na4 {[%emt 0:00:22]} Be7 {[%emt 0:00:02]} 16. Rac1 {[%emt 0:00:29]} Qa5 {[%emt 0:00:07]} 17. b3 {[%emt 0:00:30]} Rfc8 {[%emt 0:00:11]} 18. h3 {[%emt 0:00:54]} Rxc1 {[%emt 0:05:48]} 19. Rxc1 {[%emt 0:00:08]} Rc8 {[%emt 0:02:10]} 20. Rxc8+ {[%emt 0:00:47]} Bxc8 {[%emt 0:00:01]} 21. Qc2 {[%emt 0:00:24]} Bb7 {[%emt 0:00:01]} 22. e5 {[%emt 0:01:19]} Nd5 {[%emt 0:00:41]} 23. Bxh7+ {[%emt 0:00:27]} Kh8 {[%emt 0:03:10]} 24. Be4 {[%emt 0:00:07]} Nxf4 {[%emt 0:00:24]} 25. Bxb7 {[%emt 0:00:02]} Nxe5 {[%emt 0:00:03]} 26. Nxe5 {[%emt 0:00:04]} Qxe5 {[%emt 0:00:01]} 27. Qe4 {[%emt 0:03:01]} Qa1+ {[%emt 0:02:36]} 28. Kh2 {[%emt 0:00:03]} Bd6 {[%emt 0:00:09]} 29. g3 {[%emt 0:00:28]} Qxa2 {[%emt 0:00:18]} 30. Qf3 {[%emt 0:00:38]} Nd3 {[%emt 0:01:06]} 31. Qxd3 {[%emt 0:00:22]} Qxf2+ {[%emt 0:00:02]} 32. Bg2 {[%emt 0:00:02]} Be5 {[%emt 0:00:35]} 33. Qf3 {[%emt 0:00:23]} Qe1 {[%emt 0:00:07]} 34. Qa8+ {[%emt 0:00:13]} Kh7 {[%emt 0:00:05]} 35. Qe4+ {[%emt 0:00:02]} Qxe4 {[%emt 0:00:02]} 36. Bxe4+ {[%emt 0:00:00]} f5 {[%emt 0:00:07]} 37. Bb7 {[%emt 0:00:03]} Bd4 {[%emt 0:00:03]} 38. Bc8 {[%emt 0:00:08]} Kg6 {[%emt 0:00:05]} 39. Bxe6 {[%emt 0:00:02]} Kf6 {[%emt 0:00:00]} 40. Bc4 {[%emt 0:00:02]} Ke5 {[%emt 0:00:30]} 41. Bxa6 {[%emt 0:00:43]} Ke4 {[%emt 0:00:16]} 42. Kg2 {[%emt 0:00:05]} Ke3 {[%emt 0:00:01]} 43. Bc8 {[%emt 0:00:09]} g6 {[%emt 0:00:19]} 44. Be6 {[%emt 0:00:05]} Ke4 {[%emt 0:00:12]} 45. Bf7 {[%emt 0:00:07]} g5 {[%emt 0:00:03]} 46. Bg6 {[%emt 0:00:02]} Ke5 {[%emt 0:00:01]} 47. Kf3 {[%emt 0:00:02]} Kf6 {[%emt 0:00:09]} 48. Bh7 {[%emt 0:00:04]} Ke5 {[%emt 0:00:01]} 49. Ke2 {[%emt 0:00:07]} g4 {[%emt 0:01:00]} 50. h4 {[%emt 0:01:07]} Kf6 {[%emt 0:00:16]} 51. h5 {[%emt 0:00:12]} 1-0

[Event "African Games-chT 2019"]
[Site "Casablanca"]
[Date "2019.08.25"]
[Round "8.7"]
[White "Marzouk, Amira"]
[Black "Nassr, Lina"]
[Result "0-1"]
[WhiteElo "1698"]
[BlackElo "1938"]
[Annotator "NA"]
[PlyCount "78"]
[EventDate "2019.08.24"]
[EventType "team-tourn"]
[EventCountry "MAR"]
[SourceTitle "playchess.com"]
[Source "ChessBase"]
[SourceQuality "1"]
[WhiteTeam "Tunisia"]
[BlackTeam "Algeria"]
[WhiteTeamCountry "TUN"]
[BlackTeamCountry "ALG"]
[TimeControl "900+10"]

1. d4 {[%emt 0:00:00]} d5 {[%emt 0:00:00]} 2. Bf4 {[%emt 0:00:00]} Nf6 {[%emt 0:00:00]} 3. e3 {[%emt 0:00:00]} e6 {[%emt 0:00:00]} 4. Nf3 {[%emt 0:00:00]} c5 {[%emt 0:00:10]} 5. c3 {[%emt 0:00:02]} Nc6 {[%emt 0:00:41]} 6. Nbd2 {[%emt 0:00:04]} Bd6 {[%emt 0:00:09]} 7. Bg3 {[%emt 0:00:03]} O-O {[%emt 0:00:23]} 8. Bd3 {[%emt 0:00:09]} b6 {[%emt 0:00:21]} 9. Ne5 {[%emt 0:00:31]} Bb7 {[%emt 0:00:03]} 10. O-O {[%emt 0:00:02]} Ne7 {[%emt 0:00:41]} 11. f4 {[%emt 0:00:54]} Nf5 {[%emt 0:00:19]} 12. Bf2 {[%emt 0:00:33]} Be7 {[%emt 0:00:14]} 13. Qe2 {[%emt 0:02:54]} Nd6 {[%emt 0:00:57]} 14. Rfd1 {[%emt 0:00:40]} Qc8 {[%emt 0:03:28]} 15. a4 {[%emt 0:01:27]} a6 {[%emt 0:01:28]} 16. dxc5 {[%emt 0:00:20]} bxc5 {[%emt 0:00:33]} 17. c4 {[%emt 0:00:33]} Nfe4 {[%emt 0:01:07]} 18. cxd5 {[%emt 0:00:19]} Nxf2 {[%emt 0:00:50]} 19. Qxf2 {[%emt 0:00:21]} exd5 {[%emt 0:00:08]} 20. Rdc1 {[%emt 0:00:53]} Qe6 {[%emt 0:01:52]} 21. Qe2 {[%emt 0:01:31]} Rfc8 {[%emt 0:00:28]} 22. Ndf3 {[%emt 0:00:59]} Bd8 {[%emt 0:00:48]} 23. Rc2 {[%emt 0:01:01]} f6 {[%emt 0:00:22]} 24. f5 {[%emt 0:00:24]} Nxf5 {[%emt 0:00:20]} 25. Bxf5 {[%emt 0:01:31]} Qxf5 {[%emt 0:00:03]} 26. Nd3 {[%emt 0:00:01]} Bb6 {[%emt 0:00:21]} 27. Rac1 {[%emt 0:00:14]} c4 {[%emt 0:00:35]} 28. Nb4 {[%emt 0:00:25]} Re8 {[%emt 0:00:06]} 29. Rc3 {[%emt 0:01:00]} Kh8 {[%emt 0:00:58]} 30. Nc2 {[%emt 0:00:01]} Qe4 {[%emt 0:00:22]} 31. Nd2 {[%emt 0:00:25]} Qe7 {[%emt 0:00:31]} 32. Qf2 {[%emt 0:00:45]} Rad8 {[%emt 0:00:48]} 33. Nd4 {[%emt 0:00:28]} Ba5 {[%emt 0:00:15]} 34. Ra3 {[%emt 0:00:02]} Bb4 {[%emt 0:00:06]} 35. Nf5 {[%emt 0:00:32]} Qe5 {[%emt 0:00:14]} 36. Ra2 {[%emt 0:00:48]} Bxd2 {[%emt 0:00:05]} 37. Qxd2 {[%emt 0:00:06]} Qxf5 {[%emt 0:00:02]} 38. Rf1 {[%emt 0:00:08]} Qe4 {[%emt 0:00:08]} 39. Rf4 {[%emt 0:00:31]} Qb1+ {[%emt 0:00:11]} 0-1